| 000 | 00367nam a22001457a 4500 | ||
|---|---|---|---|
| 008 | 230504b |||||||| |||| 00| 0 eng d | ||
| 020 | _a978-81-775-82-61-1 | ||
| 100 | _aW. L. French & C. H. Bell | ||
| 245 | _aOrganizational Development | ||
| 250 | _a6th Ed. | ||
| 260 |
_aNew Delhi _bPearson Pub. _c2006 |
||
| 300 | _a236 | ||
| 546 | _aEnglish | ||
| 942 |
_2ddc _cBK |
||
| 999 |
_c20006 _d20006 |
||